000 00862nmm a2200277 a 4500
001 ocm000719415
003 TR-IsHL
005 20201028142534.0
008 140104s2004 tu tur
007 cr cn
020 _a9789756755082
035 _a719415
_b(N$T)
050 0 4 _aQA276
_b.B37 2004
090 0 4 _aQA276
_b.B37 2004
100 1 _aBaşar, Alaaddin
245 1 0 _aUygulamalı istatistik II
_h[electronic resource] /
_cAlaaddin Başar ; Erkan Oktay
260 _aİstanbul :
_bAktif Yayınevi,
_c2004
300 _a308 p.
650 4 _aMatematik ve İstatistik
650 4 _aMathematics and Statistics
650 0 _aİstatistik
650 0 _aStatistics
650 7 _aSOCIAL SCIENCE / Statistics
_2bisacsh
700 1 _aOktay, Erkan
856 4 0 _uhttp://search.ebscohost.com/login.aspx?direct=true&scope=site&db=e011xww&AN=719415
999 _c8409
_d8409